[Event "Florianopolis op 11th"]
[Site "Florianopolis"]
[Date "2025.01.20"]
[Round "4"]
[White "Da Costa, Romualdo Mendonca"]
[Black "Kropff Gomez, Ricardo"]
[Result "0-1"]
[WhiteElo "1873"]
[BlackElo "2121"]
[PlyCount "34"]
[EventDate "2025.01.18"]
[EventType "swiss"]
[EventRounds "10"]
[EventCountry "BRA"]
[SourceTitle "CB05_2025"]
[SourceDate "2025.01.29"]
[SourceVersion "1"]
[SourceVersionDate "2025.01.29"]
[SourceQuality "1"]

1. e4 e5 2. Nf3 Nc6 3. Bb5 a6 4. Ba4 Nf6 5. 0-0 b5 6. Bb3 Bc5 7. d3 d6 8. c3 h6 9. h3 Bb7 10. Nbd2 g5 11. Nh2 h5 12. g3 Qd7 13. Kg2 Bc8 14. Ndf3 Qxh3+ 15. Kg1 Ng4 16. Qe2 Nxh2 17. Nxh2 Bg4 0-1

[Event "Pan American-ch Seniors 50"]
[Site "Lima"]
[Date "2023.04.28"]
[Round "4"]
[White "Gonzalez Mesa, Daniel"]
[Black "Kropff Gomez, Ricardo"]
[Result "1-0"]
[WhiteElo "1862"]
[BlackElo "2153"]
[PlyCount "79"]
[EventDate "2023.04.26"]
[EventType "swiss"]
[EventRounds "9"]
[EventCountry "PER"]
[SourceTitle "CBM 214 Extra"]
[Source "ChessBase"]
[SourceDate "2023.07.31"]
[SourceVersion "1"]
[SourceVersionDate "2023.07.31"]
[SourceQuality "1"]

1. e4 e5 2. Nf3 Nc6 3. Bc4 g6 4. d4 exd4 5. Nxd4 Bg7 6. Nxc6 bxc6 7. 0-0 d6 8. Nc3 Ne7 9. h4 0-0 10. h5 Be6 11. Bxe6 fxe6 12. Qg4 Qd7 13. Bg5 gxh5 14. Qxh5 Rab8 15. Rab1 e5 16. b3 Ng6 17. g3 Qf7 18. Nd1 Qf3 19. Qxf3 Rxf3 20. Kg2 Rf7 21. c4 c5 22. Rh1 Nf8 23. Nc3 Ne6 24. Be3 Rbf8 25. Rbf1 Bf6 26. Rh5 Rg7 27. Rf5 Bg5 28. Nd5 c6 29. Bxg5 cxd5 30. Rxf8+ Kxf8 31. Bh6 dxe4 32. Re1 Ng5 33. Rd1 Nf7 34. Bxg7+ Kxg7 35. b4 cxb4 36. Rd5 Kf6 37. Ra5 Ke6 38. Rxa7 Nd8 39. Rxh7 Nc6 40. Rb7 1-0

[Event "Pan American-ch Seniors 50"]
[Site "Lima"]
[Date "2023.04.27"]
[Round "2"]
[White "Lima, Darcy Gustavo Macha"]
[Black "Kropff Gomez, Ricardo"]
[Result "1-0"]
[WhiteElo "2445"]
[BlackElo "2153"]
[PlyCount "91"]
[EventDate "2023.04.26"]
[EventType "swiss"]
[EventRounds "9"]
[EventCountry "PER"]
[SourceTitle "CBM 214 Extra"]
[Source "ChessBase"]
[SourceDate "2023.07.31"]
[SourceVersion "1"]
[SourceVersionDate "2023.07.31"]
[SourceQuality "1"]

1. c4 g6 2. Nc3 Bg7 3. d4 Nf6 4. e4 d6 5. Be2 0-0 6. Nf3 Bg4 7. Be3 Nfd7 8. Rc1 e5 9. d5 a5 10. 0-0 Na6 11. Ne1 Bxe2 12. Qxe2 f5 13. f3 Nac5 14. Nd3 b6 15. b3 Rf7 16. exf5 gxf5 17. Nb5 Nxd3 18. Qxd3 Nc5 19. Qc2 Qh4 20. a3 Bh6 21. Bxh6 Qxh6 22. Rce1 Re8 23. b4 axb4 24. axb4 Na6 25. Qc3 Nb8 26. c5 bxc5 27. bxc5 Rfe7 28. Qa5 dxc5 29. Nxc7 Rc8 30. Ne6 Rxe6 31. dxe6 Qxe6 32. Rf2 Nd7 33. Rd2 Nf6 34. Rd8+ Rxd8 35. Qxd8+ Kf7 36. Rd1 e4 37. Qc7+ Kg6 38. Qg3+ Kf7 39. Qc7+ Kg6 40. Qxc5 e3 41. Qd4 f4 42. Qxf4 e2 43. Re1 Qb6+ 44. Kh1 Qa5 45. Qg3+ Kf7 46. Rxe2 1-0

[Event "Titled Tuesday intern op 23rd Aug Late"]
[Site "Chess.com INT"]
[Date "2022.08.23"]
[Round "10"]
[White "Janaszak, Dawid"]
[Black "Kropff Gomez, Ricardo"]
[Result "1-0"]
[WhiteElo "2331"]
[BlackElo "2121"]
[PlyCount "59"]
[EventDate "2022.08.23"]
[EventType "swiss (blitz)"]
[EventRounds "11"]
[EventCountry "USA"]
[SourceTitle "EXT 2023"]
[Source "ChessBase"]
[SourceDate "2022.10.05"]
[SourceVersion "1"]
[SourceVersionDate "2022.10.05"]
[SourceQuality "1"]

1. e4 c5 2. a3 e6 3. b4 cxb4 4. axb4 Bxb4 5. Bb2 Nf6 6. e5 Nd5 7. Qg4 0-0 8. h4 Be7 9. c4 f5 10. exf6 Bxf6 11. d4 Nb4 12. Ra4 N8c6 13. Nf3 d5 14. Ng5 Nc2+ 15. Kd1 N2xd4 16. Bd3 e5 17. Bxh7+ Kh8 18. Qh5 Bg4+ 19. Qxg4 dxc4 20. Qh5 Nf5+ 21. Nd2 Nh6 22. Be4 Bxg5 23. hxg5 Rxf2 24. Bc3 Rxd2+ 25. Bxd2 c3 26. Ra2 Nb4 27. gxh6 Nxa2 28. hxg7+ Kg8 29. Qh7+ Kf7 30. g8Q+ 1-0

[Event "Florianopolis op 8th"]
[Site "Florianopolis"]
[Date "2022.01.24"]
[Round "1"]
[White "Da Cunha, Gastao"]
[Black "Kropff Gomez, Ricardo"]
[Result "0-1"]
[WhiteElo "1602"]
[BlackElo "2132"]
[PlyCount "46"]
[EventDate "2022.01.24"]
[EventType "swiss"]
[EventRounds "10"]
[EventCountry "BRA"]
[SourceTitle "CBM 206 Extra"]
[Source "ChessBase"]
[SourceDate "2022.03.31"]
[SourceVersion "1"]
[SourceVersionDate "2022.03.31"]
[SourceQuality "1"]

1. e4 Nf6 2. Nc3 d5 3. exd5 Nxd5 4. Bc4 Nb6 5. Bb3 Bf5 6. Qf3 e6 7. Qxb7 c6 8. d3 Bd6 9. Be3 0-0 10. Na4 Bc7 11. Nc5 e5 12. Na6 Nxa6 13. Qxa6 Qd7 14. 0-0-0 Nd5 15. Bc5 Rfb8 16. Ne2 Rb5 17. Ba3 Be6 18. Qa4 a5 19. Qh4 Rb7 20. d4 a4 21. Bc4 Bd8 22. Qe4 Bf5 23. Qxe5 Bc7 0-1

[Event "Titled Tuesday intern op 17th Aug"]
[Site "Chess.com INT"]
[Date "2021.08.17"]
[Round "2"]
[White "Kropff Gomez, Ricardo"]
[Black "Nayem, Haque"]
[Result "0-1"]
[WhiteElo "2144"]
[BlackElo "2080"]
[PlyCount "38"]
[EventDate "2021.08.17"]
[EventType "swiss (blitz)"]
[EventRounds "11"]
[EventCountry "USA"]
[SourceTitle "EXT 2022"]
[Source "ChessBase"]
[SourceDate "2021.10.06"]
[SourceVersion "1"]
[SourceVersionDate "2021.10.06"]
[SourceQuality "1"]

1. Nf3 d5 2. g3 g6 3. Bg2 Bg7 4. 0-0 e5 5. d3 Ne7 6. Nbd2 0-0 7. e4 c6 8. c3 f6 9. b4 Be6 10. a3 a5 11. Bb2 Nd7 12. Qc2 Nb6 13. Rfe1 Qc7 14. c4 dxc4 15. dxc4 c5 16. b5 Rfd8 17. Nf1 Nxc4 18. Bc3 Nd6 19. Ne3 Nxb5 0-1

[Event "Titled Tuesday intern op 09th Feb"]
[Site "Chess.com INT"]
[Date "2021.02.09"]
[Round "6"]
[White "Kovanova, Baira"]
[Black "Kropff Gomez, Ricardo"]
[Result "1-0"]
[WhiteElo "2325"]
[BlackElo "2156"]
[PlyCount "79"]
[EventDate "2021.02.09"]
[EventType "swiss (blitz)"]
[EventRounds "11"]
[EventCountry "USA"]
[SourceTitle "EXT 2022"]
[Source "ChessBase"]
[SourceDate "2021.10.06"]
[SourceVersion "1"]
[SourceVersionDate "2021.10.06"]
[SourceQuality "1"]

1. e4 c6 2. d4 d5 3. Nc3 dxe4 4. Nxe4 Bf5 5. Ng3 Bg6 6. Nf3 Nd7 7. Bd3 Ngf6 8. 0-0 e6 9. Bxg6 hxg6 10. c4 Bd6 11. Bg5 Qc7 12. Re1 0-0-0 13. Qa4 Kb8 14. b4 Bf4 15. b5 c5 16. Rad1 Nb6 17. Qa3 Bxg5 18. Nxg5 Ng4 19. h3 Qf4 20. Nf3 Nf6 21. Qxc5 g5 22. Qxg5 Qxg5 23. Nxg5 Rhf8 24. c5 Nbd5 25. N3e4 Nxe4 26. Nxe4 Kc7 27. Nd6 b6 28. Rc1 bxc5 29. dxc5 Nb4 30. Re2 Nd3 31. Rc3 Nf4 32. Rb2 Nd5 33. Rc1 Rb8 34. a4 g6 35. a5 f5 36. b6+ axb6 37. axb6+ Kc6 38. Nb5 e5 39. Na7+ Kd7 40. c6+ 1-0